| 000 | 00575nam a2200169 4500 | ||
|---|---|---|---|
| 999 |
_c4027 _d4027 |
||
| 008 | 160822b xxu||||| |||| 00| 0 eng d | ||
| 022 | _a2094-8042 | ||
| 082 | _aDPer 370.105 M72 Jan-Dec 2012 v. 60-61 | ||
| 100 |
_913443 _aVillareal, Ariston M. |
||
| 243 | _a | ||
| 245 |
_aProject ARIS (advocacy for relevant and intensive supervision)/ _cAriston M. Villareal. |
||
| 260 |
_aPhilippines: _bIn the Grade School, Inc., _c©2012. |
||
| 300 |
_av60 n8, pages 320-321; _c28 cm. |
||
| 500 | _aThe Modern Teacher. | ||
| 650 | 0 |
_919400 _aSchool supervision |
|
| 942 |
_2ddc _cPER |
||